Guía del Archivo Histórico
Wedi'i Gadw mewn:
| Awdur Corfforaethol: | |
|---|---|
| Fformat: | Llyfr |
| Iaith: | Sbaeneg |
| Cyhoeddwyd: |
Quito
PUDELECO
1996
|
| Rhifyn: | 1a. ed |
| Pynciau: | |
| Tagiau: |
Ychwanegu Tag
Dim Tagiau, Byddwch y cyntaf i dagio'r cofnod hwn!
|
MARC
| LEADER | 00000nam a2200000 a 4500 | ||
|---|---|---|---|
| 001 | UCJ3808 | ||
| 003 | CL-VaPUC | ||
| 008 | 070124e19960500EC |||||||||||||||||spa|d | ||
| 082 | 0 | 4 | |a 025 |b MIN |2 21 |
| 110 | 2 | |a Ministerio de Relaciones Exteriores del Ecuador |e author |9 506173 | |
| 245 | 1 | 0 | |a Guía del Archivo Histórico |
| 250 | |a 1a. ed | ||
| 300 | |a 30 p | ||
| 942 | |c BK | ||
| 945 | |d 20070124 00:00:00 |a rinostro | ||
| 260 | |a Quito |b PUDELECO |c 1996 | ||
| 500 | |a Esta Guía pretende ser una herramienta con la que cuente el investigador para tener una mirada de conjunto del Archivo Histórico del Ministerio de Relaciones Exteriores del Ecuador, de su historia, fondos, secciones, series y subseries que lo conforman, así como de los servicios que presta | ||
| 500 | |a Donación del Sr. Pablo Núñez | ||
| 600 | 0 | 7 | |a PRESIDENCIA DE QUITO |2 CL-VaPUC |9 506174 |
| 600 | 0 | 7 | |a FLORES JIJON, ANTONIO |2 CL-VaPUC |9 506175 |
| 650 | 0 | |a Archivística |9 490081 | |
| 650 | 7 | |a GUIAS |2 CL-VaPUC |9 506176 | |
| 650 | 7 | |a MINISTERIOS |2 CL-VaPUC |9 351934 | |
| 650 | 0 | |a Archivos |9 322428 | |
| 650 | 0 | |a Ilustraciones |9 369481 | |
| 650 | 7 | |a ORGANIGRAMAS |2 CL-VaPUC |9 506177 | |
| 650 | 0 | |a Diplomacia |9 256483 | |
| 650 | 7 | |a COLECCIONES |2 CL-VaPUC |9 266014 | |
| 650 | 7 | |a LEGACIONES |2 CL-VaPUC |9 506178 | |
| 650 | 0 | |a Límites |9 255439 | |
| 650 | 7 | |a DOCUMENTOS |2 CL-VaPUC |9 366450 | |
| 583 | |a last modification |c 20070124 00:00:00 |k Rodrigo Vera | ||
| 999 | |c 319930 |d 319928 | ||
| 952 | |0 0 |1 0 |4 0 |6 025_000000000000000_MIN_1996 |7 0 |8 X |9 398335 |a FDOBUD |b FDOBUD |d 2019-11-22 |i 1084852 |o 025 MIN 1996 |p 1084852 |r 2019-11-22 |w 2019-11-22 |y BK_X |k BUD | ||
| 952 | |0 0 |1 0 |4 0 |6 025_000000000000000_MIN_1996 |7 0 |8 X |9 398336 |a FDOMLP |b FDOMLP |d 2019-11-22 |i 4669541 |o 025 MIN 1996 |p 4669541 |r 2019-11-22 |w 2019-11-22 |y BK_X |k BU2 | ||